| 000 | 00723cam a2200205 a 4500 | ||
|---|---|---|---|
| 001 | 000018763 | ||
| 005 | 20200929165844.0 | ||
| 008 | 840420s1977 ve s000 0bspa c | ||
| 035 | _a(DLC) 84672606 | ||
| 040 |
_aDO-SdBNP _bspa _cMH _dDLC _dBNPHU |
||
| 050 | 1 | 4 |
_aPQ8549.A3 _bZ576x 1977 |
| 100 | 1 |
_aDíaz Seijas, Pedro. _920677 |
|
| 245 | 1 | 0 |
_aCecilio Acosta : _bel apóstol y el pensador / _cPedro Díaz Seijas. |
| 260 |
_aLos Teques : _bBiblioteca Popular Mirandina : _bGobernación del Estado Miranda, _c1977. |
||
| 300 |
_a115 p. ; _c23 cm. |
||
| 600 | 1 | 0 |
_aAcosta, Cecilio, _d1818-1881. _917887 |
| 650 | 0 |
_aAuthors, venezuelan _y19th century _xBiography. _918146 |
|
| 910 | _aCatalogación derivada / LC | ||
| 049 | _aBNPHU | ||
| 999 |
_c18283 _d18283 |
||